[Event "Oslo Chess Festival 2018"]
[Site "Oslo"]
[Date "2018.10.03"]
[Round "5"]
[White "Dziuba, Marcin"]
[Black "Pavlovic, Milos"]
[Result "1/2-1/2"]
[WhiteElo "2573"]
[BlackElo "2481"]
[Annotator "TA"]
[PlyCount "124"]
[EventDate "2018.09.30"]
[EventCountry "NOR"]
[SourceTitle "playchess.com"]
[Source "ChessBase"]
[SourceQuality "1"]

{[%evp 25,124,20,21,0,22,18,24,11,29,26,20,7,16,18,12,18,12,18,20,0,0,13,13,9,35,42,45,45,46,42,72,63,65,43,67,67,42,0,42,42,44,18,19,12,12,13,12,15,21,13,24,5,5,5,6,5,5,5,5,7,12,5,5,8,10,7,8,8,8,4,4,0,0,0,0,0,0,0,0,0,0,0,758,758,2065,1962,1439,0,1,8,8,8,8,0,0,0,0,-8,-8,-8,1490]} 1. d4 Nf6 2. c4 e6 3. g3 d5 4. Bg2 Be7 5. Nf3 O-O 6. O-O dxc4 7. Qc2 a6 8. a4 Bd7 9. Bg5 {E05: Open Catalan: 5 Nf3 Be7} (9. Qxc4 Bc6 10. Bf4 Bd6 11. Nc3 Bxf4 12. gxf4 a5 13. e3 Nbd7 14. Kh1 Ra6 15. Rg1 Rb6 16. Qe2 Ne4 17. Qc2 f5 18. Nxe4 Bxe4 {½-½ (56) Aronian,L (2767)-So,W (2780) Saint Louis 2018}) 9... Bc6 10. Rd1 a5 11. Nbd2 Na6 12. Nxc4 Nb4 13. Qb3 Bd5 {[#] LiveBook: 3 Games} 14. Bd2 $146 ({Predecessor:} 14. Nfe5 c6 15. Bxf6 Bxf6 16. Ng4 Bxc4 17. Qxc4 {½-½ (45) Erdos,V (2622)-Kovacs,G (2463) Hungary 2017}) 14... Ne4 15. Bxb4 Bxb4 16. Qd3 Nf6 17. Nfe5 c6 18. b3 Qc7 19. Rac1 Rad8 20. e4 Bxc4 $1 21. Nxc4 Rfe8 22. e5 Nd7 23. Be4 Nf8 24. Qf3 Qb8 25. Rd3 Qa7 26. Rcd1 Re7 27. Ne3 Ba3 28. Nc2 Bb4 29. h4 Red7 30. h5 h6 31. Kg2 Be7 32. Qe2 Qa6 33. f4 c5 34. Qf3 {Strongly threatening d5.} cxd4 $1 35. Nxd4 Qb6 {[%cal Rd7d4]} 36. Nb5 Rxd3 37. Rxd3 Nd7 38. Qd1 Nc5 39. Rxd8+ Qxd8 40. Qxd8+ Bxd8 $11 {[%mdl 4096] Endgame KBN-KBN} 41. Bc2 Kf8 42. Kf3 Ke7 43. Nd6 Bc7 44. Nc4 f6 45. exf6+ Kxf6 46. g4 Ke7 47. Ne3 Nd7 48. g5 hxg5 49. fxg5 Ne5+ $1 50. Ke2 Nf7 51. g6 Nd6 52. Bd3 Bb6 53. Ng4 Nf5 $2 {[%mdl 8192] [#]} (53... Bd4 $11) 54. Bxf5 $1 $18 exf5 {KB-KN} 55. h6 gxh6 {[#]} 56. Nxh6 $2 (56. Ne5 $1 $18 {Black must now prevent g7.} Kf6 57. Nd7+ Kxg6 58. Nxb6) 56... Kf6 $11 {[#]The position is equal.} 57. Nxf5 $1 {[%mdl 512] And now g7 would win.} Kxg6 (57... Kxf5 58. g7) 58. Nd6 Kf6 59. Kd3 Ke6 60. Nxb7 {aiming for Kc4.} Kd5 61. Kc3 Kc6 62. Nxa5+ Kd5 $2 {[%mdl 40960] Precision: White = 57%, Black = 59%. . An unexpected result.} (62... Bxa5+ $11 63. b4 Bd8) 1/2-1/2

[Event "Oslo Chess Festival 2018"]
[Site "Oslo"]
[Date "2018.10.03"]
[Round "5"]
[White "Basso, Pier Luigi"]
[Black "Salles, Louis"]
[Result "1-0"]
[WhiteElo "2530"]
[BlackElo "2247"]
[Annotator "TA"]
[PlyCount "77"]
[EventDate "2018.09.30"]
[EventCountry "NOR"]
[SourceTitle "playchess.com"]
[Source "ChessBase"]
[SourceQuality "1"]

{[%evp 25,77,16,26,23,44,32,51,41,43,56,65,70,62,58,110,53,43,1,6,-32,-7,-34,-13,-24,-35,-29,9,21,27,25,323,328,325,304,515,502,535,540,835,789,794,782,2533,2411,29983,29984,29984,29983,29985,29986,29986,29984,29994,29995]} 1. d4 {Wedberg,T} Nf6 2. c4 c5 3. d5 e6 4. Nc3 exd5 5. cxd5 d6 6. e4 g6 7. Bd3 Bg7 8. h3 O-O 9. Nf3 Nh5 10. O-O Nd7 11. Bg5 {A70: Modern Benoni: 6 e4 g6 7 Nf3} Bf6 12. Be3 Re8 13. Nd2 Bd4 {LiveBook: 7 Games} 14. Re1 Bxe3 15. Rxe3 Ne5 16. Bf1 {[#]} a6 $146 ({Predecessor:} 16... Nf4 17. Nf3 a6 18. a4 h6 {0-1 (38) Sokolov,I (2659)-Wedberg,T (2505) Malmo 2001 CBM 084 [Wedberg,T]}) 17. a4 Nf4 18. Ne2 Nxe2+ 19. Qxe2 Qf6 (19... Rb8 $14) 20. g3 (20. Rb3 $16) 20... g5 $14 21. Bg2 Bd7 22. Rf1 Bxa4 {[#] White must now prevent ...Bb5.} 23. f4 Ng6 {next ...Bb5 is good for Black.} 24. e5 $1 {[%cal Re5f6]} Qg7 25. Qg4 {Hoping for f5.} Bb5 26. Rf2 gxf4 ({Much worse is} 26... dxe5 $6 27. fxg5 Kh8 28. Ne4 $16) 27. gxf4 {[%cal Bg3f4,Bf4f5][%mdl 32] Rg3 is the strong threat.} dxe5 $2 {[%mdl 8192] [#]} (27... Kh8 $1 $11 {and Black has nothing to worry.}) 28. f5 $1 $18 Bd7 29. Rg3 e4 $2 (29... Qh6 30. Qf3 (30. fxg6 Bxg4 31. gxf7+ Kh8 $16) 30... Kh8) 30. Nxe4 ({Weaker is} 30. fxg6 Bxg4 31. gxf7+ Kh8 $16) 30... Re5 31. Nxc5 h5 32. Qxh5 Rxf5 33. Rxf5 Qd4+ 34. Rf2 Qxc5 35. Rxg6+ {White mates.} fxg6 36. Qxg6+ Kh8 37. Qf6+ Kg8 38. Be4 Qc1+ 39. Kh2 {Precision: White = 75%, Black = 43%.} 1-0

[Event "Oslo Chess Festival 2018"]
[Site "Oslo"]
[Date "2018.10.03"]
[Round "5"]
[White "Movsziszian, Karen"]
[Black "Pigott, John C"]
[Result "1-0"]
[WhiteElo "2523"]
[BlackElo "2386"]
[Annotator "TA"]
[PlyCount "119"]
[EventDate "2018.09.30"]
[EventCountry "NOR"]
[SourceTitle "playchess.com"]
[Source "ChessBase"]
[SourceQuality "1"]

{[%evp 22,119,17,10,18,13,16,7,10,-19,-18,-18,6,0,22,22,47,39,58,41,55,43,47,43,44,51,45,46,55,51,49,52,51,52,84,87,197,184,214,161,165,-29991,-29992,-29992,-386,-375,-347,-388,-375,-371,-211,-199,-190,-197,-180,-188,-153,-288,0,0,0,-33,22,11,22,18,138,24,21,14,25,33,31,25,339,344,344,318,309,316,506,502,736,733,681,649,714,655,2136,1954,1268,1252,588,544,29977,29978,29982,29983,29982,29983]} 1. g3 d5 2. Nf3 g6 3. c4 dxc4 4. Na3 Bg7 5. Nxc4 Nc6 6. Bg2 e5 7. d3 Nge7 8. O-O O-O {A20: English Opening: 1...e5} 9. Bd2 Re8 (9... Be6 10. Rc1 a5 11. Bc3 f6 12. b3 Qd7 13. Nfd2 Rfd8 14. Ne4 b6 15. Bb2 Nd5 16. Nc3 {1-0 (40) Anand,V (2760)-Vachier Lagrave,M (2789) Stavanger 2018}) 10. b4 a6 11. Rc1 Nd5 12. a3 $146 {LiveBook: 3 Games} h6 13. e3 Be6 14. Qc2 Qd7 15. Nb2 {[%cal Bc4b2,Bb2a4,Ba4c5][%mdl 32]} Nb6 16. Bc3 Nd5 {And now ...e4! would win.} 17. Be1 Bg4 18. Na4 Nde7 19. Nc5 Qc8 20. Bc3 b6 21. Nb3 Bh3 22. Bb2 Bxg2 23. Kxg2 Qe6 24. Rfd1 Rad8 25. d4 e4 26. Nfd2 f5 27. Qc4 Rd5 28. Qxa6 f4 (28... Rd6 $16) 29. exf4 $18 {Re1 is the strong threat.} (29. gxf4 $6 Rh5 $16) 29... Rh5 30. Qc4 Nd5 31. Qxc6 $4 {[%mdl 8192]} (31. Nf1 $18 Nd8 32. Kg1) 31... Qh3+ 32. Kg1 {[#]} Qxh2+ $2 (32... Ne3 $1 {[%mdl 512] mates} 33. Qxe8+ (33. fxe3 Qxh2+) 33... Kh7 34. Qxg6+ Kxg6 35. Rc6+ Kf5 36. Rc5+ bxc5 37. fxe3 Qxh2+ 38. Kf1 Qh1+ 39. Kf2 Rh2#) 33. Kf1 $19 Re7 34. Ke2 ({Much weaker is} 34. Qxg6 e3 $19) 34... e3 35. Kd3 Qxf2 (35... exd2 $142 36. Rxd2 Qg2) 36. Qxg6 exd2 37. Rxd2 Qf3+ 38. Kc2 Rh3 $1 {[%cal Rh3g3]} 39. Rd3 (39. Rg1 $17) 39... Re2+ $2 (39... Qe2+ $1 $19 40. Rd2 (40. Nd2 $2 Re6 $19) 40... Qc4+ 41. Kb1 Qxb3) 40. Kb1 $11 Qg2 41. Rd2 (41. Nd2 $5) 41... Rxd2 ({Better is} 41... Rxg3 $15 42. Rxe2 Rxg6 43. Rxg2 Rxg2) 42. Nxd2 $40 {[%mdl 128] Black needs to defend precisely.} Rxg3 43. Qe6+ Kh8 (43... Kh7 $11 {keeps the balance.}) 44. Qc8+ ({White has to play} 44. Ne4 $1 $16 {[%cal Re4g3]} Re3 45. Qxd5 Qxe4+ 46. Qxe4 Rxe4 47. d5 (47. Rxc7 Bxd4 48. Rb7 Rxf4 $16)) 44... Kh7 45. Qf5+ Kh8 46. Nc4 Rb3 {Strongly threatening ...Ne3.} 47. Rc2 Qg1+ $2 {[%mdl 8192] [#]} (47... Qf1+ $11 48. Ka2 Qd3 49. Qxd3 Rxd3) 48. Ka2 $1 $18 {[%cal Ra2b3]} Rxb2+ 49. Nxb2 Qxd4 {[#]} 50. Qd3 $1 Nc3+ $2 (50... h5 51. Rh2 Nxf4 52. Qxd4 Bxd4) 51. Kb3 Qxf4 52. Rxc3 Bxc3 53. Qxc3+ Kh7 54. Nd3 Qg3 55. Ne5 Qg8+ 56. Qc4 Qg7 57. Qf7 Qxf7+ 58. Nxf7 {White mates.} h5 59. a4 {[%cal Ba3a4,Ba4a5][%mdl 32]} Kg6 60. a5 {Precision: White = 61%, Black = 42%.} 1-0

[Event "Oslo Chess Festival 2018"]
[Site "Oslo"]
[Date "2018.10.03"]
[Round "5"]
[White "Stella, Andrea"]
[Black "Cherniaev, Alexander"]
[Result "1-0"]
[WhiteElo "2500"]
[BlackElo "2384"]
[Annotator "TA"]
[PlyCount "110"]
[EventDate "2018.09.30"]
[EventCountry "NOR"]
[SourceTitle "playchess.com"]
[Source "ChessBase"]
[SourceQuality "1"]

{[%evp 11,110,43,37,26,33,24,24,9,14,29,23,15,50,9,7,8,30,16,47,34,62,70,68,54,85,84,105,90,95,40,94,53,70,70,62,71,72,68,67,36,31,40,67,67,67,22,39,5,95,8,10,0,0,0,0,0,0,0,7,6,8,8,20,19,20,19,44,8,8,0,0,0,8,8,8,5,33,33,644,637,461,12,12,12,18,0,20,0,0,0,0,0,0,0,0,8,29981,29982,29981,29982,29989]} 1. d4 d6 2. e4 e5 3. Nf3 Nf6 4. dxe5 Nxe4 5. Bc4 c6 6. Nbd2 Nc5 {LiveBook: 6 Games. C41: Philidor Defence} 7. O-O {White wants to play exd6.} (7. exd6 {seems wilder.} Bxd6 8. O-O O-O 9. b4 Na4 10. Ne4) (7. exd6 Bxd6 8. O-O O-O 9. b4 Nca6 10. Ne4 Be7 11. Qe2 b5 12. Rd1 Qe8 13. Bb3 Bg4 14. h3 {1-0 (23) Sanal,V (2450)-Novoselski,Z (2374) Albena 2014}) 7... d5 8. Be2 Be7 {White has an edge.} 9. Nb3 Nxb3 $146 ({Predecessor:} 9... Ne6 10. c3 Nd7 11. Bd3 c5 12. Bc2 Nb6 13. Qe2 Bd7 14. Rd1 {1-0 (35) Mavrich,R (2245)-Fiorucci,M (2210) Neuquen 1992}) 10. axb3 O-O 11. c4 dxc4 12. bxc4 (12. Bxc4 {is interesting.} c5 13. Qe2 Be6 14. Bxe6 fxe6 15. Rd1) 12... Qxd1 13. Rxd1 Na6 14. Be3 f6 15. h3 Bc5 16. Bxc5 Nxc5 17. b4 {[%cal Bb2b4,Bb4b5][%mdl 32]} Na6 18. b5 Nb4 19. exf6 Rxf6 20. Nd4 ({White should play} 20. Ra5 $16) 20... a5 ({Black should try} 20... c5 $1 $14) 21. bxa6 Rxa6 22. c5 Rxa1 23. Rxa1 g6 24. Ra8 Rf8 25. Bc4+ Kg7 26. Be6 Rd8 27. Bxc8 Rxd4 28. Bxb7 $14 {[%mdl 4096] Endgame KRB-KRN} Rc4 29. Ra4 Rc1+ 30. Kh2 Nd3 31. Bxc6 Rxc5 32. Bf3 Nxf2 33. Rd4 {Hoping for Rd2.} Rc3 34. Rd7+ Kh8 35. Re7 Rd3 36. Kg3 Rd2 37. Kf4 h6 38. Ke3 Rb2 39. Be2 Nh1 40. Kf4 Rb4+ 41. Ke5 Ng3 {Threatens to win with ...Re4+.} 42. Bd3 Rb6 43. Rc7 Nh5 44. g4 Nf6 $2 {[%mdl 8192]} (44... Ng7 $14) 45. Bc4 $1 $18 {[%cal Rc4a2]} g5 {[#]} 46. Be6 $2 (46. Rf7 $1 $18) 46... Ne4 $1 $11 47. Rc8+ Kg7 48. Rc7+ Kh8 $1 49. Kxe4 {Kf5 would kill now.} Rxe6+ {KR-KR} 50. Kf5 Ra6 51. Rf7 Rb6 52. Rf6 Rxf6+ 53. Kxf6 {Kg6 is the strong threat.} Kh7 $2 {[%mdl 8192]} (53... h5 $11) 54. Kf7 h5 {[#]} 55. h4 $1 {[%cal Rh4g5]} ({Weaker is} 55. gxh5 Kh6 $11) 55... Kh8 {Precision: White = 56%, Black = 49%.} 1-0

[Event "Oslo Chess Festival 2018"]
[Site "Oslo"]
[Date "2018.10.03"]
[Round "5"]
[White "Vijayalakshmi, Subbaraman"]
[Black "Sousa, Ludy Helsio Paulo"]
[Result "1-0"]
[WhiteElo "2359"]
[BlackElo "2175"]
[Annotator "TA"]
[PlyCount "79"]
[EventDate "2018.09.30"]
[EventCountry "NOR"]
[SourceTitle "playchess.com"]
[Source "ChessBase"]
[SourceQuality "1"]

{[%evp 15,79,0,59,34,38,17,30,17,26,30,30,34,73,64,61,61,91,91,94,110,79,43,59,55,60,54,61,63,70,56,59,60,56,58,74,0,0,0,6,1,4,1,16,0,0,0,0,0,0,-7,-10,-8,34,40,85,40,241,0,0,0,225,218,325,296,29996,29997]} 1. Nf3 Nf6 2. g3 g6 3. d4 Bg7 4. Bg2 d6 5. b3 O-O 6. Bb2 Nbd7 7. c4 e5 8. dxe5 Ng4 {LiveBook: 51 Games} (8... dxe5 $11 9. O-O Qe7) 9. Qc2 {Strongly threatening exd6. E60: King's Indian: Unusual lines and Fianchetto Variation without Nc3} (9. O-O dxe5 10. e3 e4 11. Nd4 Ngf6 12. Nc3 Qe7 13. Ndb5 Nc5 14. Ba3 Bg4 15. Qc2 Bf5 16. Nd4 b6 17. Nd5 Nxd5 18. cxd5 {1-0 (29) Vrolijk,L (2427)-Bosboom,M (2403) Amsterdam 2018}) 9... Ngxe5 10. Nbd2 Re8 {aiming for ...Nd3+!} 11. Nxe5 $146 {White has an edge.} ({Predecessor:} 11. O-O a5 12. a3 Qe7 13. Rfe1 c6 14. Rad1 {1-0 (33) Mione,D (2300)-Moncelli,G (2170) Bratto 1998}) 11... Nxe5 12. O-O a5 13. Rad1 Bf5 {[#]} 14. e4 $1 {[%cal Re4f5]} Bg4 15. f3 {And now Bxe5 would win.} Bd7 16. f4 Nc6 17. Bxg7 Kxg7 18. c5 Nd4 19. Qc4 dxc5 20. Qxc5 Bg4 21. Nf3 Ne6 22. Qc3+ Qf6 23. e5 Qe7 24. h3 $1 {[%cal Rh3g4]} Bxf3 $1 25. Bxf3 (25. Qxf3 $16 Rad8 26. Qxb7) 25... Qb4 $11 26. Qe3 a4 27. Bd5 {With the idea f5.} axb3 28. axb3 Rad8 29. f5 Qc5 30. f6+ Kf8 31. Qxc5+ Nxc5 32. b4 $132 {[%mdl 2048] White is not keeping still} Rxe5 33. Bc4 Nd7 34. Rf4 {[%mdl 1024] White has compensation.} Ke8 35. Rfd4 Rf5 $2 {[#]} (35... c6 $14) 36. Re1+ $2 (36. Re4+ $18 Ne5 37. Rde1) 36... Kf8 $1 37. Red1 $2 (37. Re7 $11 Nxf6 38. Rxf7+ Ke8 39. Rxd8+ Kxd8 40. g4) 37... Ke8 $18 38. Re4+ Kf8 (38... Ne5 {might work better.} 39. Rde1 Rxf6 40. Rxe5+ Kd7 41. Re7+ Kc6 42. Bxf7 Rd3 43. Be8+ Kb6) 39. Re7 Nxf6 $2 (39... Rxf6 $18 40. Rdxd7 Rxd7 41. Rxd7 Rc6) 40. Rxf7+ {Precision: White = 55%, Black = 47%.} 1-0

[Event "Oslo Chess Festival 2018"]
[Site "Oslo"]
[Date "2018.10.03"]
[Round "5"]
[White "Ranaldi, Lucas"]
[Black "Lillevold, Frode"]
[Result "1-0"]
[WhiteElo "2335"]
[BlackElo "2063"]
[Annotator "TA"]
[PlyCount "61"]
[EventDate "2018.09.30"]
[EventCountry "NOR"]
[SourceTitle "playchess.com"]
[Source "ChessBase"]
[SourceQuality "1"]

{[%evp 18,61,27,23,33,10,17,32,32,21,16,16,37,33,49,61,93,102,107,16,6,9,14,11,29,15,9,0,52,50,63,46,65,53,68,49,130,130,204,200,2644,349,2975,2730,29995,29996]} 1. c4 e6 2. g3 d5 3. Bg2 Nf6 4. Nf3 Be7 5. O-O O-O 6. b3 c5 7. cxd5 exd5 8. d4 Nc6 9. Bb2 Ne4 10. dxc5 {LiveBook: 70 Partien. D30: Damengambit (ohne Sc3)} (10. Nc3 Bf6 11. Na4 Re8 12. Rc1 cxd4 13. Nxd4 Bd7 14. Nc5 Nxd4 15. Bxd4 Bb5 16. Re1 b6 17. Nxe4 dxe4 18. Bxf6 Qxd1 19. Rexd1 gxf6 20. e3 Be2 21. Rd7 {½-½ (49) Sargissian,G (2702)-Harikrishna,P (2753) Huaian 2016}) 10... Nxc5 11. Ne5 Bf6 12. Nxc6 {Die Stellung ist ausgeglichen.} bxc6 13. Bxf6 Qxf6 14. Nd2 Bd7 $146 ({Vorgänger:} 14... Ne6 15. Rc1 Bb7 16. Nf3 c5 17. Ne1 Rfd8 {0-1 (35) Zaichik,G (2510)-Geller,E (2465) Belgrade 1988}) 15. Rc1 Ne6 16. e4 {[%cal Be2e4,Be4e5,Be5e6,Be6e7][%mdl 32]} Ng5 17. f4 Nh3+ {[#]} 18. Bxh3 ({Lieber} 18. Kh1 $1 $16) 18... Bxh3 $11 19. e5 Qd8 20. Rf2 f6 21. Qh5 Bd7 22. Re1 Qa5 ({Günstiger ist} 22... fxe5 $11 23. Rxe5 Be8) 23. e6 $36 {[%mdl 2048] Weiss kämpft um Vorteil.} Be8 24. Qd1 Rb8 25. f5 c5 26. Qc2 Bb5 (26... Qb6 $14) 27. Qxc5 $16 Qxa2 (27... Rfc8 $16 {ist eine bessere Verteidigung.} 28. Qxd5 Rd8) 28. e7 Rfc8 $2 (28... Rfe8 29. Nc4 (29. Qxd5+ Kh8 $18) 29... Qxb3) 29. Qxd5+ $18 Kh8 {[#]} 30. Qxb5 $1 {[%mdl 512]} Re8 {[#]} (30... Rxb5 31. e8=Q+) 31. Qxb8 $1 {Precision: Weiß = 74%, Schwarz = 31%.} 1-0

[Event "Oslo Chess Festival 2018"]
[Site "Oslo"]
[Date "2018.10.03"]
[Round "5"]
[White "Hobber, Anders"]
[Black "Ingebretsen, Jens E"]
[Result "1/2-1/2"]
[WhiteElo "2314"]
[BlackElo "2160"]
[Annotator "TA"]
[PlyCount "57"]
[EventDate "2018.09.30"]
[EventCountry "NOR"]
[SourceTitle "playchess.com"]
[Source "ChessBase"]
[SourceQuality "1"]

{[%evp 20,57,22,7,16,25,15,35,32,18,37,29,56,40,50,20,48,0,0,0,0,0,15,15,15,19,29,15,15,13,12,15,20,20,19,20,18,20,25,12]} 1. d4 {Finkel,A} d5 2. Bf4 Nf6 3. e3 c5 4. c3 Nc6 5. Nd2 e6 6. Ngf3 Bd6 7. Bg3 O-O 8. Bb5 {D02: Damenbauernspiele} Qe7 (8... Be7 9. Bd3 b6 10. O-O Bb7 11. h3 Bd6 12. Bh4 Be7 13. Qb1 h6 14. a3 Nh5 15. Bxe7 Qxe7 {½-½ (64) Carlsen,M (2837)-Wang,H (2709) Riadh 2017}) 9. Bxc6 bxc6 10. Qa4 cxd4 11. cxd4 {LiveBook: 4 Partien} Bd7 12. Bxd6 Qxd6 13. O-O Rfb8 14. Qc2 {[#]} Rb5 $146 ({Vorgänger:} 14... Be8 15. Nb3 Nd7 {1-0 (62) Nogueiras Santiago,J (2546)-Kunte,A (2550) Mallorca 2004 CBM 104 [Finkel,A]}) 15. Rfc1 a5 16. Nb3 Rab8 17. Rab1 Ne4 18. Ne5 a4 19. Nd2 Nxd2 20. Qxd2 f6 21. Nxd7 Qxd7 22. Qc2 Qb7 23. b3 (23. h4 {is more complex.} Rb4 24. b3 axb3 25. Rxb3 Rxb3 26. axb3 Qxb3 27. Qxc6 Qb6 28. Qd7) 23... axb3 24. Rxb3 Rxb3 25. axb3 Qxb3 26. Qxc6 $11 {KDT-KDT} Qb6 27. Qd7 Rd8 28. Qe7 Qd6 29. Qxd6 {Precision: Weiß = 40%, Schwarz = 46%.} 1/2-1/2

[Event "Oslo Chess Festival 2018"]
[Site "Oslo"]
[Date "2018.10.03"]
[Round "5"]
[White "Van Zyl-Rudd, Jack"]
[Black "Dale, Gunnar Brandshaug"]
[Result "1-0"]
[WhiteElo "2265"]
[BlackElo "1771"]
[Annotator "NA"]
[PlyCount "51"]
[EventDate "2018.09.30"]
[EventCountry "NOR"]
[SourceTitle "playchess.com"]
[Source "ChessBase"]
[SourceQuality "1"]
[TimeControl "90/30+30:0"]

1. d4 {[%emt 0:00:00]} Nf6 {[%emt 0:00:00]} 2. c4 {[%emt 0:00:00]} e6 {[%emt 0:00:00]} 3. Nc3 {[%emt 0:00:00]} Bb4 {[%emt 0:00:00]} 4. Bg5 {[%emt 0:00:00]} c5 {[%emt 0:00:00]} 5. d5 {[%emt 0:00:00]} d6 {[%emt 0:00:00]} 6. e3 {[%emt 0:00:00]} Qa5 {[%emt 0:00:00]} 7. Bxf6 {[%emt 0:00:00]} gxf6 {[%emt 0:00:00]} 8. Nge2 {[%emt 0:00:00]} e5 {[%emt 0:00:00]} 9. a3 {[%emt 0:00:00]} Bxc3+ {[%emt 0:00:00]} 10. Nxc3 {[%emt 0:00:00]} O-O {[%emt 0:00:00]} 11. Bd3 {[%emt 0:00:00]} f5 {[%emt 0:00:00]} 12. Qh5 {[%emt 0:00:00]} e4 {[%emt 0:00:00]} 13. Bc2 {[%emt 0:00:00]} Qd8 {[%emt 0:00:00]} 14. f3 {[%emt 0:00:00]} exf3 {[%emt 0:00:00]} 15. gxf3 {[%emt 0:00:00]} Qf6 {[%emt 0:00:00]} 16. O-O-O {[%emt 0:00:00]} Kh8 {[%emt 0:00:00]} 17. Rhg1 {[%emt 0:00:00]} Na6 {[%emt 0:00:00]} 18. e4 {[%emt 0:00:00]} Bd7 {[%emt 0:00:00]} 19. exf5 {[%emt 0:00:00]} b5 {[%emt 0:00:00]} 20. Ne4 {[%emt 0:00:00]} Qxf5 {[%emt 0:00:00]} 21. Ng5 {[%emt 0:00:00]} Qf4+ {[%emt 0:00:00]} 22. Kb1 {[%emt 0:00:00]} Bf5 {[%emt 0:00:00]} 23. Nxh7 {[%emt 0:00:00]} Bxc2+ {[%emt 0:00:00]} 24. Kxc2 {[%emt 0:00:00]} Qxc4+ {[%emt 0:00:00]} 25. Kb1 {[%emt 0:00:00]} Qf4 {[%emt 0:00:00]} 26. Nxf8+ {[%emt 0:00:00]} 1-0

[Event "Oslo Chess Festival 2018"]
[Site "Oslo"]
[Date "2018.10.03"]
[Round "5"]
[White "Nordquelle, Daniel"]
[Black "Holm, Kristian Stuvik"]
[Result "1/2-1/2"]
[WhiteElo "2235"]
[BlackElo "2474"]
[Annotator "TA"]
[PlyCount "67"]
[EventDate "2018.09.30"]
[EventCountry "NOR"]
[SourceTitle "playchess.com"]
[Source "ChessBase"]
[SourceQuality "1"]

{[%evp 11,67,22,42,19,25,12,52,21,65,50,79,83,114,87,108,87,128,116,107,99,100,18,25,0,0,0,0,0,0,0,21,22,18,21,61,60,33,-21,-29,-17,-23,-90,-96,-93,10,10,10,10,10,8,35,4,4,4,4,4,8,8]} 1. e4 c5 2. Ne2 d6 3. g3 g6 4. Bg2 Bg7 5. c3 Nf6 6. d4 {B20: Sicilian: Unusual White 2nd moves} Nbd7 {LiveBook: 15 Games} 7. h3 (7. O-O O-O 8. Na3 Rb8 9. b4 b6 10. Rb1 Bb7 11. d5 a6 12. h3 Rc8 13. Be3 Re8 14. g4 b5 15. Ng3 cxb4 16. cxb4 {0-1 (53) Hjartarson,J (2536)-Yu,Y (2760) chess.com INT 2018}) 7... O-O 8. Be3 {White has an edge.} Qb6 $146 ({Predecessor:} 8... cxd4 9. cxd4 d5 10. e5 Ne8 11. Nbc3 e6 12. O-O {1-0 (32) Galkin,A (2590)-Golizadeh,A (2261) playchess.com INT 2007}) 9. Qc2 Qa6 10. O-O cxd4 11. cxd4 Nb6 12. Nbc3 Bd7 13. a4 Rac8 14. b3 e5 15. d5 Nh5 {[#]} 16. f3 (16. Rfc1 $1 $16) 16... f5 17. Qd2 Nxg3 18. Nxg3 {Strongly threatening Nge2.} f4 19. Bf2 $1 {Threatens to win with Nge2.} fxg3 20. Bxg3 Qa5 21. Rfc1 Qb4 22. Rab1 Rc7 23. Be1 Rfc8 24. Nb5 ({White should play} 24. Bf1 $14) 24... Rxc1 $11 25. Rxc1 Qxb3 26. Nxd6 (26. Rxc8+ $1 $11 {keeps the balance.} Nxc8 27. Qg5) 26... Rxc1 $17 27. Qxc1 {[#]} Bf8 ({Much worse is} 27... Nxa4 $6 28. Bf2 $14) (27... Nxd5 $1 $17 {[%mdl 512] aiming for ...Nf4.} 28. exd5 Qb6+ 29. Bf2 Qxd6) 28. Nxb7 $11 {Hoping for Nc5.} Nxd5 $1 {...Nf4 is the strong threat.} 29. Nc5 $36 {[%mdl 2048] White has good play.} Bxc5+ $1 30. Qxc5 Qe3+ 31. Qxe3 Nxe3 {The position is equal.} 32. Bf2 Nxg2 33. Kxg2 Bxa4 34. Bxa7 {Precision: White = 49%, Black = 37%.} 1/2-1/2

[Event "Oslo Chess Festival 2018"]
[Site "Oslo"]
[Date "2018.10.03"]
[Round "5"]
[White "Ronneland, Daniel"]
[Black "Pakleza, Zbigniew"]
[Result "0-1"]
[WhiteElo "2208"]
[BlackElo "2502"]
[Annotator "TA"]
[PlyCount "88"]
[EventDate "2018.09.30"]
[EventCountry "NOR"]
[SourceTitle "playchess.com"]
[Source "ChessBase"]
[SourceQuality "1"]

{[%evp 22,88,58,34,102,38,39,29,24,15,13,0,18,-24,-39,-27,-40,-35,0,0,21,30,56,40,42,39,58,-19,-19,-25,25,26,72,62,32,52,42,0,61,28,44,35,54,34,31,0,0,0,196,-7,-38,-92,-93,-512,-497,-824,-825,-1039,-1036,-1662,-1567,-12839,-12839,-12838,-12839,-29992,-29992,-29992,-29993]} 1. e4 d6 2. d4 Nf6 3. Nc3 c6 4. Nf3 Bg4 5. h3 Bh5 6. Qe2 e6 7. g4 Bg6 8. h4 h5 9. g5 Nfd7 10. Be3 {A41: 1 d4 d6: Tartakower System and Modern Defence} (10. Bh3 Qa5 11. d5 e5 12. Nd2 Qa6 13. Qf3 Be7 14. Nb3 Qb6 15. Be3 Qc7 16. O-O-O a6 17. dxc6 bxc6 18. Bf5 Nb6 19. Qh3 N8d7 20. Bxb6 {1-0 (20) Rapport,R (2720)-Danielsen,H (2488) Reykjavik 2016 CBM 171 Extra [Schulz,André]}) 10... d5 11. Nd2 Be7 12. Bh3 {LiveBook: 23 Games. White is slightly better.} b5 (12... O-O $14) 13. a3 ({White should play} 13. exd5 $16 cxd5 14. Nxb5 (14. Qxb5 Qc7 $11)) 13... Nb6 $14 14. f4 $146 {And now f5 would win.} ({Predecessor:} 14. O-O N8d7 15. f4 dxe4 16. f5 exf5 17. Bxf5 Bxf5 18. Rxf5 g6 19. Rf4 {½-½ (38) Lagunow,A (2445)-Gausel,E (2425) Berlin 1991}) 14... dxe4 15. O-O Bf5 16. Bg2 {[%cal Bh3g2,Bg2e4,Be4g6][%mdl 32]} Bg4 17. Qf2 f5 $1 18. gxf6 $1 Bxf6 19. Bxe4 Bxh4 20. Bg6+ Kd7 21. Qg2 Nd5 22. Nxd5 exd5 23. Nf3 Kc7 24. f5 (24. a4 $14) 24... Bxf3 $1 $11 25. Rxf3 Nd7 26. a4 $1 bxa4 27. Bf4+ Kb7 28. Rxa4 Nb6 29. Ra1 {[%mdl 1024] White has compensation.} Be7 (29... Bf6 $11) 30. Re1 Rc8 31. Re6 h4 32. Qe2 Bf6 {[%cal Be7f6,Bf6d4,Bd4c5][%mdl 32]} 33. Ra3 {White threatens Qa6+ and mate.} Bxd4+ 34. Kh1 {White wants to mate with Qa6+.} Nc4 $2 {[#]} (34... Ka8 $1 $11) 35. Re7+ $2 (35. Ra4 $1 $18) 35... Ka8 36. Ra6 {[#]} (36. Ra2 $15) 36... Bc5 $1 $17 {[%cal Rc5e7]} 37. Rxg7 $2 {[%mdl 8192]} (37. Rf7 $17 {is tougher.}) 37... Qf6 $19 38. Rf7 (38. Rgxa7+ $142 Bxa7 39. Qf2) 38... Qxb2 39. Qg2 h3 40. Qf1 Qxc2 41. Rd7 {[#]} Rb8 $1 {( -> ...Qe4+)} 42. Bxb8 Rxb8 43. Ra1 Qe4+ 44. Kh2 Rb2+ {Precision: White = 18%, Black = 66%.} 0-1